000 00396nam a2200133 i 4500
001 55534
003 ES-MaACL
007 t|
008 030922s1960 mx ||||1| spa d
245 0 3 _aEl desarrollo económico de Honduras.
260 _aMéxico :
_bNaciones Unidas. Departamento de Asuntos Económicos y Sociales,
_c1960.
300 _aX, 222 p. ;
_c27 cm.
852 _aES-MaACL
_jE-8259
_bR.92811
999 _c55534
_d55534